[Event "CZE-chT 9798"]
[Site "Czech Republic"]
[Date "1997.12.13"]
[Round "3"]
[White "Simacek, Pavel"]
[Black "Choleva, Zdenek"]
[Result "1-0"]
[WhiteElo "2305"]
[BlackElo "2250"]
[PlyCount "81"]
[EventDate "1997.11.15"]
[EventType "team-tourn"]
[EventRounds "11"]
[EventCountry "CZE"]
[SourceTitle "EXT 2019"]
[Source "ChessBase"]
[SourceDate "2018.10.10"]
[SourceVersion "1"]
[SourceVersionDate "2018.10.10"]
[SourceQuality "1"]
[WhiteTeam "Grygov A64 Valoz"]
[BlackTeam "Praha Bohemians"]
[WhiteTeamCountry "CZE"]
[BlackTeamCountry "CZE"]

1. e4 c5 2. Nf3 Nc6 3. Nc3 d6 4. d4 cxd4 5. Nxd4 e5 6. Ndb5 a6 7. Na3 b5 8. Nd5 Nf6 9. Bg5 Be7 10. Bxf6 Bxf6 11. c3 0-0 12. Nc2 Be6 13. a4 bxa4 14. Rxa4 a5 15. Bc4 Ne7 16. Nxf6+ gxf6 17. Bxe6 fxe6 18. Qg4+ Kf7 19. 0-0 Ng6 20. Qh3 Rg8 21. Qxh7+ Rg7 22. Qh5 Qb6 23. Ne3 Rh8 24. Qd1 Nf4 25. g3 Qd8 26. b4 Rxh2 27. Rxa5 Rh1+ 28. Kxh1 Qh8+ 29. Kg1 Nh3+ 30. Kg2 Nf4+ 31. Kf3 Qh5+ 32. Ng4 Rxg4 33. Ra7+ Kg6 34. Ke3 Ng2+ 35. Kd3 d5 36. Kc2 dxe4 37. Rh1 Qg5 38. Rg7+ Kxg7 39. Qd7+ Kg8 40. Qe8+ Kg7 41. Rh8 1-0

[Event "CZE-chT 9798"]
[Site "Czech Republic"]
[Date "1997.11.15"]
[Round "1"]
[White "Lys, Josef"]
[Black "Choleva, Zdenek"]
[Result "1-0"]
[WhiteElo "2290"]
[BlackElo "2250"]
[PlyCount "67"]
[EventDate "1997.11.15"]
[EventType "team-tourn"]
[EventRounds "11"]
[EventCountry "CZE"]
[SourceTitle "EXT 2019"]
[Source "ChessBase"]
[SourceDate "2018.10.10"]
[SourceVersion "1"]
[SourceVersionDate "2018.10.10"]
[SourceQuality "1"]
[WhiteTeam "Ostrava Labortech"]
[BlackTeam "Praha Bohemians"]
[WhiteTeamCountry "CZE"]
[BlackTeamCountry "CZE"]

1. d4 Nf6 2. Nf3 b6 3. c4 e6 4. Nc3 Bb4 5. Bg5 Bxc3+ 6. bxc3 h6 7. Bh4 Bb7 8. e3 g5 9. Bg3 d6 10. Bd3 Ne4 11. Qc2 f5 12. d5 exd5 13. Nd4 Qf6 14. cxd5 Bxd5 15. f3 Nxg3 16. hxg3 Nd7 17. Bxf5 0-0-0 18. Kf2 Qf7 19. c4 Bb7 20. Be6 Qe7 21. Qg6 Qh7 22. Qxh7 Rxh7 23. Rh5 Rdh8 24. Rah1 Ba6 25. Bf5 Rg7 26. Nb5 c6 27. Nxd6+ Kc7 28. Rxh6 Rd8 29. Re6 Nc5 30. Ne8+ Rxe8 31. Rxe8 Bxc4 32. a3 a5 33. Rh6 b5 34. Rc8+ 1-0

[Event "CZE-chT2 9798"]
[Site "Czech Republic"]
[Date "1997.??.??"]
[Round "1.4"]
[White "Choleva, Zdenek"]
[Black "Pick, Stepan"]
[Result "1/2-1/2"]
[WhiteElo "2250"]
[BlackElo "2210"]
[PlyCount "25"]
[EventDate "1997.??.??"]
[EventType "team"]
[EventRounds "11"]
[EventCountry "CZE"]
[SourceTitle "EXT 1999"]
[Source "ChessBase"]
[SourceDate "1998.11.16"]
[SourceVersion "1"]
[SourceVersionDate "1998.11.16"]
[SourceQuality "1"]

1. b3 d5 2. Bb2 Bg4 3. f4 e6 4. Nf3 Nf6 5. e3 Nbd7 6. Be2 Bd6 7. Ne5 Bxe2 8. Qxe2 c6 9. d3 Qa5+ 10. Kf2 Qc7 11. Nxd7 Qxd7 12. Re1 0-0-0 13. Nd2 1/2-1/2

[Event "CZE-chT2 9798"]
[Site "Czech Republic"]
[Date "1997.??.??"]
[Round "3.5"]
[White "Ptacnik, Petr"]
[Black "Choleva, Zdenek"]
[Result "1/2-1/2"]
[WhiteElo "2200"]
[BlackElo "2250"]
[PlyCount "67"]
[EventDate "1997.??.??"]
[EventType "team"]
[EventRounds "11"]
[EventCountry "CZE"]
[SourceTitle "EXT 1999"]
[Source "ChessBase"]
[SourceDate "1998.11.16"]
[SourceVersion "1"]
[SourceVersionDate "1998.11.16"]
[SourceQuality "1"]

1. e4 c5 2. Nf3 Nc6 3. d4 cxd4 4. Nxd4 e5 5. Nb5 Nf6 6. N1c3 d6 7. Bg5 a6 8. Na3 b5 9. Nd5 Be7 10. Bxf6 Bxf6 11. c3 0-0 12. Nc2 Be6 13. Nce3 Bg5 14. Be2 Bxe3 15. Nxe3 Ne7 16. Bf3 Rb8 17. 0-0 f5 18. exf5 Nxf5 19. Bd5 Bxd5 20. Qxd5+ Kh8 21. Nxf5 Rxf5 22. Rfd1 Qb6 23. Rd2 Rf6 24. Qe4 Rbf8 25. Qe2 h6 26. Re1 Kg8 27. Qe3 Qxe3 28. Rxe3 Kf7 29. Red3 Ke7 30. f3 g5 31. h3 h5 32. Kh2 Rc8 33. Kg3 Rc4 34. Rd5 1/2-1/2

[Event "CZE-chT 9596"]
[Site "Czech Republic"]
[Date "1996.03.03"]
[Round "11"]
[White "Lys, Josef"]
[Black "Choleva, Zdenek"]
[Result "1-0"]
[WhiteElo "2270"]
[BlackElo "2250"]
[PlyCount "95"]
[EventDate "1995.10.21"]
[EventType "team-tourn"]
[EventRounds "11"]
[EventCountry "CZE"]
[SourceTitle "EXT 2019"]
[Source "ChessBase"]
[SourceDate "2018.10.10"]
[SourceVersion "1"]
[SourceVersionDate "2018.10.10"]
[SourceQuality "1"]
[WhiteTeam "Ostrava Labortech"]
[BlackTeam "Praha Bohemians"]
[WhiteTeamCountry "CZE"]
[BlackTeamCountry "CZE"]

1. d4 Nf6 2. Nf3 c5 3. c3 cxd4 4. cxd4 d5 5. Nc3 Nc6 6. g3 Ne4 7. Bg2 g6 8. 0-0 Bg7 9. Bf4 Nxc3 10. bxc3 0-0 11. Rb1 Na5 12. Nd2 Bf5 13. Rb5 e6 14. e4 Bxe4 15. Nxe4 dxe4 16. Bxe4 Rc8 17. Bg5 f6 18. Bc1 a6 19. Rb1 Rf7 20. Ba3 Nc4 21. Bc5 b5 22. a4 f5 23. Bd3 Rxc5 24. dxc5 Rd7 25. Bxc4 Rxd1 26. Bxe6+ Kh8 27. Rfxd1 Qe7 28. axb5 Qxe6 29. Rd8+ Bf8 30. Rxf8+ Kg7 31. c6 axb5 32. Rb8 Qxc6 33. R8xb5 Qxc3 34. Rb6 Qf3 35. h3 Kh6 36. R1b3 Qd1+ 37. Kg2 Qd5+ 38. Kh2 Qd2 39. Rb2 Qe1 40. Kg2 Kg7 41. Rb7+ Kf6 42. Rxh7 Qe4+ 43. f3 Qd4 44. Ra2 Qc4 45. Rd2 f4 46. g4 Qc3 47. Re2 Qd3 48. Rhe7 1-0